| 000 | 00360 a2200157 4500 | ||
|---|---|---|---|
| 001 | 16931 | ||
| 020 | _a9788574163253 | ||
| 040 | _cAnchieta - Bela Vista | ||
| 100 | _aKim, Kyoung Hwa | ||
| 240 | 1 | 0 |
_aApostando com o monstro _lpor |
| 245 | 1 | 0 | _aApostando com o monstro |
| 300 | _a31 | ||
| 362 | 0 | _a2008 | |
| 650 | 4 | _aLiteratura infanto-juvenil | |
| 942 | _cBK | ||
| 999 |
_c16931 _d16931 |
||